| 000 | 00583cam a22002172a 4500 | ||
|---|---|---|---|
| 001 | 004579 | ||
| 003 | AR-FADEU | ||
| 008 | 311216n1995####xxu####################dd | ||
| 020 | _a84-493-0025-8 | ||
| 092 |
_a303.38 _bN765 |
||
| 100 | _aNeumann, Elisabeth Noelle | ||
| 245 | _aLA espiral del silencio : opinión pública : nuestra piel social | ||
| 260 | _aBarcelona | ||
| 260 | _bPaidós | ||
| 260 | _c1995 | ||
| 300 | _a332 p | ||
| 440 |
_aPaidós comunicación _n62 |
||
| 500 | _aIncluye bibliografía.-- App: p. 301-303 | ||
| 650 | _aOPINION PUBLICA | ||
| 942 | _cBDGR | ||
| 999 |
_c10402 _d10402 |
||